000 00980nam a22002537a 4500
999 _c63907
_d63907
005 20240530110705.0
008 180115s2016 ua a g b 000 0 ara d
017 _a2015/2510
_bمصر. دار الكتب
020 _a9789777291873
040 _aEG-CaGPL
_cEG-CaGPL
082 0 4 _221
_a332.1 /
_bس ح
100 0 _aسدرة انيسة
245 1 0 _aحوكمة البنوك فى ظل التطورات المالية العالمية :
_bدراسة حالة الجزائر /
_cسدرة انيسة
260 _aالاسكندرية :
_bدار الجامعة الجديدة ،
_c2016.
300 _a378 ص. ؛
_c24 سم +
_eملاحق.
504 _aيشتمل على ارجاعات ببليوجرافية
650 0 7 _2qrmak
_aالبنوك
650 0 7 _2qrmak
_aالحماية المصرفية
650 0 7 _2qrmak
_aالبنوك
_zالجزائر
651 _2qrmak
653 0 _aحوكمة البنوك
942 _2ddc
_cBK